000 00473nam a22001217a 4500
082 _a611
_bHUM
245 _aBD Chaurasia's Human Anatomy: Regional and Applied Dissection and Clinical Lower Limb Abdomen and Pelvis /
_cEdited by Krishna Garg; Pragati Sheel Mittal; Mrudula Chandrupatla
250 _a8th Edition.
260 _aNew Delhi :
_bCBS Publishers & Distributor pvt Ltd,
_c2020.
300 _a532 p. ;
_bill,
_c28 cm.
650 _aHuman Anatomy
942 _2ddc
_cBK
999 _c595526
_d595526